Nonprofit fundraising registration : (Record no. 17434)

000 -LEADER
fixed length control field 00527cam a2200193 i 4500
020 ## - INTERNATIONAL STANDARD BOOK NUMBER
ISBN 9781413317725 (pbk.)
040 ## - CATALOGING SOURCE
Transcribing agency DLC
082 00 - DEWEY DECIMAL CLASSIFICATION NUMBER
Classification number 346 NOL 2012 A114 Or.
100 1# - MAIN ENTRY--AUTHOR NAME
Personal name Fishman, Stephen.
245 10 - TITLE STATEMENT
Title Nonprofit fundraising registration :
Remainder of title the 50-state guide /
250 ## - EDITION STATEMENT
Edition statement 2nd edition.
300 ## - PHYSICAL DESCRIPTION
Number of Pages 352 pages :
Other physical details forms ;
Dimensions 23 cm
500 ## - GENERAL NOTE
General note Includes index.
650 #0 - SUBJECT ADDED ENTRY--TOPICAL TERM
Topical Term Fund raising
650 #0 - SUBJECT ADDED ENTRY--TOPICAL TERM
Topical Term Nonprofit organizations
650 #0 - SUBJECT ADDED ENTRY--TOPICAL TERM
Topical Term Charity laws and legislation
650 #0 - SUBJECT ADDED ENTRY--TOPICAL TERM
Topical Term Incorporation
942 ## - ADDED ENTRY ELEMENTS (KOHA)
Koha item type សៀវភៅភាសាអង់គ្លេស
952 ## - LOCATION AND ITEM INFORMATION (KOHA)
Withdrawn status [LOCAL, KOHA] 0
952 ## - LOCATION AND ITEM INFORMATION (KOHA)
Withdrawn status [LOCAL, KOHA] 0
Holdings
Permanent Location Date acquired Koha item type Lost status Shelving location Barcode Current Location Full call number
Library Block A2018-11-27សៀវភៅភាសាអង់គ្លេស A114A35457Library Block A346 NOL 2012 A114 Or.
Library Block A2018-12-04សៀវភៅភាសាអង់គ្លេស A116A36475Library Block A346 NOL 2012 A116 Or.
មជ្ឈមណ្ឌលឯការនៃសាកលវិទ្យាល័យភូមិន្ទកសិកម្មចំការដូង

Powered by Koha